书目信息 |
| 题名: |
实用主义
|
|
| 作者: | 杜威 著 ;田永胜 主编 | |
| 分册: | ||
| 出版信息: | 北京 世界知识出版社 2007 |
|
| 页数: | 454页 | |
| 开本: | 26cm | |
| 丛书名: | ||
| 单 册: | ||
| 中图分类: | B087 | |
| 科图分类: | ||
| 主题词: | 实用主义 , 哲学学派 , 哲学学派--研究 | |
| 电子资源: | ||
| ISBN: | 978-7-5012-3096-9 | |
| 000 | 00990nam0 2200289 450 | |
| 001 | 1233639687 | |
| 005 | 20121003092241.78 | |
| 010 | @a978-7-5012-3096-9@dCNY48.00 | |
| 100 | @a20070402d2007 em y0chiy50 ea | |
| 101 | 1 | @achi@ceng |
| 102 | @aCN@b110000 | |
| 105 | @ay z 000yy | |
| 106 | @ar | |
| 200 | 1 | @a实用主义@f约翰·杜威等著@g田永胜[等]主编@Ashi yong zhu yi |
| 210 | @a北京@c世界知识出版社@d2007 | |
| 215 | @a454页@d26cm | |
| 312 | @a封面英文题名:Pragmatism | |
| 330 | @a本书内容包括查理·皮尔斯/实用主义要义;威廉·詹姆斯/实用主义;约翰·杜威/实用主义哲学;悉尼·胡克/理性、社会神话和民主;威纳德·奎因/实用主义在经验主义中的地位等。 | |
| 510 | 1 | @aPragmatism@zeng |
| 606 | 0 | @a实用主义 |
| 606 | 0 | @a哲学学派 |
| 606 | 0 | @a哲学学派@x研究 |
| 690 | @aB087@v4 | |
| 701 | 0 | @c(美)@a杜威@c(Dewey, John@f1859~1952)@4著@Adu wei |
| 702 | 0 | @a田永胜@f(1969~)@4主编@Atian yong sheng |
| 801 | 0 | @aCN@b110019@c20070429 |
| 905 | @a10447@dB087@eJY100 | |
| 实用主义/约翰·杜威等著/田永胜[等]主编.-北京:世界知识出版社,2007 |
| 454页;26cm |
| ISBN 978-7-5012-3096-9:CNY48.00 |
| 本书内容包括查理·皮尔斯/实用主义要义;威廉·詹姆斯/实用主义;约翰·杜威/实用主义哲学;悉尼·胡克/理性、社会神话和民主;威纳德·奎因/实用主义在经验主义中的地位等。 |
| ● |
| 相关链接 |
|
|
|
|
正题名:实用主义
索取号:B087/JY100
 
预约/预借
| 序号 | 登录号 | 条形码 | 馆藏地/架位号 | 状态 | 备注 |
| 1 | 7809700 | 278097006 | 学院路分馆/ [索取号:B087/JY100] | 在馆 | |
| 2 | 7809701 | 278097015 | 学院路分馆/ [索取号:B087/JY100] | 在馆 |